| 000 | 00422nam a2200193Ia 4500 | ||
|---|---|---|---|
| 008 | 210210b xxu||||| |||| 00| 0 eng d | ||
| 041 | _aeng | ||
| 082 | _a520/54 | ||
| 100 | _aFAUTH (Philip) | ||
| 245 | _aMoon in modern astronomy | ||
| 260 |
_aLondon _b- _c |
||
| 300 | _a160+12 | ||
| 650 | _aMoon | ||
| 650 | _amodern | ||
| 650 | _aastronomy | ||
| 690 | _aAstronomy | ||
| 700 | _aGORE (Ellard J) | ||
| 906 | _a008039 | ||
| 999 |
_c126028 _d126028 |
||